RHCP - Under the Bridge Lyrics - Statistics

General Stats
  • This quiz has been taken 381 times
  • The average score is 29 of 46
Answer Stats
Hint Answer % Correct
The city Of angels
90%
Lonely as I am
89%
Sometimes I feel like I don't have a partner
89%
Is the city I live in
89%
Sometimes I feel like My only friend
85%
Together We cry
81%
Like I did That day
75%
Like I did That day
75%
Take me All the way
74%
Take me to the Place I love
74%
I don't ever Want to feel
74%
I don't ever Want to feel
73%
Take me All the way
72%
Cause she's My companion
72%
Take me to the Place I love
72%
It's hard to Believe
67%
Lonely as I am
65%
That I'm All alone
64%
It's hard to Believe
64%
She sees my Good deeds
64%
Take me to the Place I love
64%
Like I did That day
64%
I don't ever Want to feel
64%
Now that is A lie
63%
Like I did That day
63%
Take me All the way
62%
I don't ever Want to feel
62%
Take me to the Place I love
61%
Together We cry
61%
Take me All the way
59%
That there's Nobody out there
58%
I never Worry
58%
Cause she Knows who I am
56%
The city She loves me
56%
Under the Bridge Downtown
48%
I drive on Her streets
48%
Under the Bridge Downtown
46%
Is where I Drew some blood
46%
Under the Bridge Downtown
45%
I could not Get enough
45%
And she kisses Me Windy
44%
Under the Bridge Downtown
43%
At least I have Her love
43%
I gave My life away
39%
Forgot about My love
39%
I walk Through her hills
39%
No matching quizzes found
Score Distribution
Percent of People with Each Score
Percentile by Number Answered
Your Score History
You have not taken this quiz